Sports Quiz

Random Sports or Basketball Quiz

NBA 50 Point Games (1990s) Quiz Stats

 Plays Quiz Updated Nov 17, 2017

Score 0/44 Timer 05:00
30 Plays Today
Team Player % Correct
Chicago BullsMichael Jordan
98.9%
Chicago BullsMichael Jordan
98.9%
Chicago BullsMichael Jordan
98.9%
Chicago BullsMichael Jordan
98.9%
Chicago BullsMichael Jordan
98.9%
Chicago BullsMichael Jordan
98.9%
Chicago BullsMichael Jordan
98.9%
Chicago BullsMichael Jordan
98.9%
Chicago BullsMichael Jordan
98.9%
Chicago BullsMichael Jordan
98.9%
Chicago BullsMichael Jordan
98.9%
Utah JazzKarl Malone
93.8%
Utah JazzKarl Malone
93.8%
Utah JazzKarl Malone
93.8%
Orlando MagicShaquille O'Neal
91.5%
Los Angeles LakersShaquille O'Neal
91.5%
San Antonio SpursDavid Robinson
88.4%
San Antonio SpursDavid Robinson
88.4%
San Antonio SpursDavid Robinson
88.4%
Philadelphia 76ersAllen Iverson
81.4%
New York KnicksPatrick Ewing
74.7%
New York KnicksPatrick Ewing
74.7%
Team Player % Correct
Indiana PacersReggie Miller
74.3%
Houston RocketsHakeem Olajuwon
73.8%
Houston RocketsHakeem Olajuwon
73.8%
Atlanta HawksDominique Wilkins
55.6%
Miami HeatAlonzo Mourning
50.4%
Los Angeles ClippersCharles Smith
27.8%
Orlando MagicNick Anderson
26.6%
Denver NuggetsMahmoud Abdul-Rauf
26.5%
Dallas MavericksJim Jackson
24.8%
Miami HeatGlen Rice
24%
Phoenix SunsTom Chambers
22.6%
Phoenix SunsTom Chambers
22.6%
Washington BulletsBernard King
20.3%
Washington BulletsBernard King
20.3%
Dallas MavericksJamal Mashburn
19.7%
Los Angeles LakersCedric Ceballos
11.3%
Houston RocketsVernon Maxwell
9.9%
Denver NuggetsMichael Adams
6.9%
San Antonio SpursTerry Cummings
5.5%
Philadelphia 76ersDana Barros
5.1%
Washington WizardsTracy Murray
3.8%
Philadelphia 76ersWillie Burton
2.9%

You're not logged in!

Compare scores with friends on all Sporcle quizzes.
OR
Log In

Sporcle TV

Today on Sporcle TV


Watch our educational content, quiz creation guides, and fun videos on Sporcle TV.

Show Comments

Extras

Top Quizzes Today


Score Distribution

Your Account Isn't Verified!

In order to create a playlist on Sporcle, you need to verify the email address you used during registration. Go to your Sporcle Settings to finish the process.

Report this User

Report this user for behavior that violates our Community Guidelines.

Details: